[Event "Campionato Regionale Marche"]
[Site "?"]
[Date "2019.05.11"]
[Round "3"]
[White "Patrignani, Tiziano"]
[Black "Rinaudo, Andrea"]
[Result "0-1"]
[WhiteElo "2073"]
[BlackElo "2048"]
[PlyCount "100"]
[EventDate "2019.05.11"]

1. d4 d5 2. c4 e6 3. Nf3 Nf6 4. g3 dxc4 5. Bg2 c5 6. O-O Nc6 7. Qa4 Be7 8. Ne5
Bd7 9. Nxd7 Qxd7 10. dxc5 Bxc5 11. Qxc4 Be7 12. Nc3 O-O 13. Bf4 Rfd8 14. Rfd1
Qc8 15. Qb5 h6 16. h4 a6 17. Qb6 Nd7 18. Qe3 Bc5 19. Qc1 Nf6 20. Ne4 Nxe4 21.
Bxe4 Rxd1+ 22. Qxd1 e5 23. Be3 Bxe3 24. fxe3 Qg4 25. Bxc6 bxc6 26. Kf2 Re8 27.
Qd3 Re6 28. Kg2 e4 29. Qd8+ Kh7 30. Re1 Rg6 31. Qc7 Qxh4 32. Rf1 Qg4 33. Rf2 h5
34. Qf4 h4 35. Qxg4 Rxg4 36. Rxf7 Rxg3+ 37. Kf2 Rg6 38. Rf4 Rf6 39. Rxf6 gxf6
40. Kg2 Kg6 41. Kh3 Kg5 42. b4 Kh5 43. Kh2 Kg4 44. Kg2 h3+ 45. Kf2 Kh4 46. a4
Kg4 47. Kf1 Kg3 48. Kg1 f5 49. a5 h2+ 50. Kh1 Kf2 0-1